La pareja /

Guardado en:
Autor Principal: Barnard, Christiaan
Formato: Deslizar
Series:El Cuerpo Viviente
Materias:
Etiquetas: Agregar Etiqueta
Sin Etiquetas, Sea el primero en etiquetar este registro!
LEADER 00999ngm a22003015g 4500
001 CEM.cems021702
008 130507b1992##################0###0#####d
005 20240904155617.0
245 1 0 |a La pareja /  |c Christiaan Barnard. 
300 |a 25 
490 0 |a El Cuerpo Viviente 
500 |a En soporte VHS, consultar en ventanilla. 
505 0 |a Genitalidad masculina y femenina: descripción de órganos y gametos. Estimulación. Zona erógenas. Fecundación. Cromosomas. 
538 |a Soporte: VHS - Norma: Pal N - Color - Grabación DRD 1992 - Hitachi=0000 
100 1 |a Barnard, Christiaan 
082 6 1 |/ BAR-4 
653 |a FISIOLOGIA 
653 |a EDUCACION SEXUAL 
653 |a REPRODUCCION HUMANA 
653 |a SEXUALIDAD 
653 |a GENITALIDAD 
653 |a ZONAS EROGENAS 
653 |a FECUNDACION 
653 |a CROMOSOMAS 
653 |a PAREJA 
653 |a ESTIMULACION 
653 |a NIVEL SECUNDARIO 
859 |a CEMS  |b BIB. CEMS - Depto. Recursos Didacticos  |h 611  |i BAR-4  |k DRD  |p 345.12  |t Ej.1